منهج التربية في التصور الإسلامي / (رقم التسجيلة. 1471)

تفاصيل مارك
000 -الفاتح
عناصر البيانات ثابتة الطول 00628cam a2200181 i 4500
005 - تاريخ ووقت آخر معاملة
حقل ضبط 20251119112559.0
008 - عناصر البيانات ثابتة الطول
عناصر البيانات ثابتة الطول 250721s1990 le gr 000 0 ara d
082 14 - رقم تصنيف ديوي العشري
رقم التصنيف 210.437
رقم المادة ع ل ي
100 1# - مدخل رئيسي – اسم شخصي
الاسم الشخصي مدكور، علي أحمد
علاقة الشخص بالعمل/ دوره مؤلف.
245 10 - بيان العنوان
العنوان منهج التربية في التصور الإسلامي /
بيان المسؤولية الدكتور علي أحمد مدكور.
264 31 - بيانات النشر، التوزيع…إلخ
مكان النشر، التوزيع...إلخ بيروت :
اسم الناشر، الموزع...إلخ دار النهضة العربية،
تاريخ النشر، التوزيع...إلخ 1990.
300 ## - الوصف المادي
عدد الوحدات المكونة للوعاء 543 صفحة.
650 17 - مدخل إضافي بالموضوع - مصطلح موضوعي
مصطلح موضوعي أو اسم جغرافي كعنصر مدخل الإسلام.
650 17 - مدخل إضافي بالموضوع - مصطلح موضوعي
مصطلح موضوعي أو اسم جغرافي كعنصر مدخل التربية.
650 17 - مدخل إضافي بالموضوع - مصطلح موضوعي
مصطلح موضوعي أو اسم جغرافي كعنصر مدخل التربية الإسلامية.
942 ## - بيانات إضافية (كوها)
نوع التنصيف Dewey Decimal Classification
نوع المادة (كوها) كتب
المقتنيات
حالة السحب حالة الفقدان مصدر التصنيف حالة التلف غير قابل للإعارة المكتبة الرئيسية المكتبة الحالية موقع الرف تاريخ التزويد الرقم المتسلسل Total Checkouts رقم الإستدعاء الباركود تاريخ آخر ظهور تاريخ الفاتورة نوع المادة (كوها)
    Dewey Decimal Classification     المكتبة المركزية المكتبة المركزية الإعارة 06/07/2004 164098   210.437 / ع ل ي 164098 28/07/2025 06/07/2004 كتب
Implemented & Customized by: BBB with SCIT (Smart Chains for Information Technology)

Powered by Koha